Nota Kursus Pengendalian telefon dan perkhidmatan kaunter yang berkualiti 10 - 15 Ogos 1992

Bibliographic Details
Format: Book
Subjects:

MARC

LEADER 00000cam a2200000 7i4500
001 0000006735
005 20000211.0
040 |a INS 
090 0 0 |a SET4 
245 0 0 |a Nota Kursus Pengendalian telefon dan perkhidmatan kaunter yang berkualiti 10 - 15 Ogos 1992 
650 0 0 |a Setiausaha 
999 |a SET0000003   |b BOOK   |c Course Notes   |e Default branch 
999 |a SET0000004   |b BOOK   |c Course Notes   |e Default branch